Lattice theory : first concepts and distributive lattices /
Guardado en:
| Autor Principal: | |
|---|---|
| Formato: | Libro |
| Idioma: | English |
| Publicado: |
San Francisco :
W. H. Freeman,
c1971.
|
| Series: | A series of books in mathematics
|
| Materias: | |
| Etiquetas: |
Agregar Etiqueta
Sin Etiquetas, Sea el primero en etiquetar este registro!
|
| LEADER | 00734cam a2200229 a 4500 | ||
|---|---|---|---|
| 001 | MAT.inmabb003388 | ||
| 008 | 720127s1971####caua#####b####001#0#eng## | ||
| 005 | 20130308120036.0 | ||
| 245 | 0 | 0 | |a Lattice theory : |b first concepts and distributive lattices / |c George Grätzer. |
| 260 | |a San Francisco : |b W. H. Freeman, |c c1971. | ||
| 300 | |a xv, 212 p. : |b il. ; |c 24 cm. | ||
| 490 | 0 | |a A series of books in mathematics | |
| 504 | |a Bibliografía: p. [193]-205. | ||
| 510 | 4 | |a MR, |c 48 #184 | |
| 020 | |a 0716704420 | ||
| 100 | 1 | |a Gratzer, George A. | |
| 650 | 0 | |a Lattice theory. | |
| 650 | 0 | |a Lattices, Distributive. | |
| 084 | |a 06Bxx |2 msc2000 | ||
| 010 | |a 75151136 | ||
| 040 | |a DLC |c DLC |d ICU |d DLC | ||
| 859 | |h 06 |i G773 |p A-4798 |b BIB. MATEMATICA | ||
